College president (Record no. 431429)

000 -LEADER
fixed length control field 00365cam a22001217a 4500
008 - FIXED-LENGTH DATA ELEMENTS--GENERAL INFORMATION
fixed length control field 180718b1963 xxu||||| |||| 00| 0 eng d
082 ## - DEWEY DECIMAL CLASSIFICATION NUMBER
Classification number P500x73 P887
100 ## - MAIN ENTRY--PERSONAL NAME
Personal name Prator, Ralph
245 ## - TITLE STATEMENT
Title College president
Statement of responsibility, etc. by Ralph Prator
260 ## - PUBLICATION, DISTRIBUTION, ETC.
Place of publication, distribution, etc. Washington
Name of publisher, distributor, etc. Center for Applied Research in Eduaction
Date of publication, distribution, etc. 1963
300 ## - PHYSICAL DESCRIPTION
Extent 118p.
650 ## - SUBJECT ADDED ENTRY--TOPICAL TERM
Topical term or geographic name entry element College presidency-United States
Holdings
Withdrawn status Lost status Damaged status Not for loan Permanent Location Current Location Date acquired Full call number Barcode Date last seen Price effective from Koha item type
        Indian Institute of Public Administration Indian Institute of Public Administration 2010-01-19 P500x73 P887 32705 2018-07-21 2018-07-21 Book

Powered by Koha